000 00785nam a22003017a 4500
001 BR0906001
003 BR-BrBNA
005 20230928103059.0
007 ta
008 230509b bl.||||| |||| 00| 0 por d
040 _aBR-BrBNA
_bpor
_cBiblioteca Nacional de Agricultura
041 _a(Por)
072 _aE14
_b0312
_b9538
090 _ 0312 BR0906001
100 1 _aKaltner, F.J.
245 1 _aPlantio de dendê em pequenas propriedades, com produção descentralizada do óleo
260 3 _a[np]:
_c1999.
300 _avp.
650 _aDENDÊ
650 _aPLANTA OLEAGINOSA
650 _aPROJETO AGRÍCOLA
650 _aPEQUENO PRODUTOR
650 _aÓLEO
650 _aPRODUTIVIDADE
650 _aPARÁ
909 _a202309
_bLucia
_c55
_dLucia Elande
942 _cBK
999 _c73632
_d73632